=LDR 00000nam 2200000 4500 =001 INLIS000000000040199 =005 20140702133939.0 =006 =007 =008 Ind =035 ##$$a 0010-061300000040199 =041 ##$$a Ind =082 ##$$a 813 =090 ##$$a 813, Fie h =100 ##$$a Fielding, Joy =245 ##$$a Heart Stopper, Pencuri hati/ Joy Fielding; alih bahasa, Inggrid Dwijani Nimpoeno =260 ##$$a 2011 $b Jakarta =300 ##$$a 524 hlm., 20 cm =650 ##$$a Fiksi =700 ##$$a Nimpoeno, Inggrid Dwijani =850 ##$$a NBPNMAT =990 ##$$a 0001/BPAP-NTB/20142014